000 00907nas a22002057a 4500
003 OSt
005 20160926091421.0
008 160601b xxu||||| |||| 00| 0 eng d
022 _a1130-0426
040 _cBMC
082 _a320.3064
245 0 0 _aNueva revista de política, cultura y arte
_p: noviembre-diciembre
_cAntonio Fontán (Presidente y editor)
260 _aMadrid
_bDifusiones y Promociones Editoriales, S.A. (Diproedisa)
_c2000
300 _a171 p.
_c21 cm
490 _aNueva revista de política, cultura y arte
_v72
505 _aContiene: El estatuto de Roma: hacia un tribunal penal internacional.- Fascinación a la carta: moda y posmodernidad.- Cómo modifican las telecomunicaciones los comportamientos sociales.- La vida del embrión, es una cuestion de derechos humanos.-
650 2 4 _912628
_aPolítica cultural
700 1 _93186
_aFontán, Antonio
_d1923-2010
942 _2ddc
_cPR
999 _c25827
_d25827